Yirminci yüzyılda dünya ekonomisi (Record no. 10012)

MARC details
000 -BAŞLIK
Sabit Uzunlukta Kontrol Alanı 00900na a2200277 4500
001 - KONTROL NUMARASI
Denetim Alanı 17625
003 - KONTROL NUMARASI IDENTIFIER
Denetim Alanı MIRAKIL
005 - SON İŞLEM TARİHİ VE ZAMANI
Denetim Alanı 20181213155304.0
008 - SABİT-BOY VERİ ELEMANLARI - GENEL BİLGİLER
Sabit Uzunlukta Kontrol Alanı 161031b tu 000 0
035 ## - SİSTEM KONTROL NUMARASI
Sistem Kontrol Numarası 17625
040 ## - KATALOGLAMA KAYNAK
Orijinal Kataloglama Ajansı Milas
Kataloglama Dili tur
Metne Dönüştürmek Ajansı TR-AnCHP
041 ## - DİL KODU
Metin / Ses Parça Veya Ayrı Başlığın Dil Kodu tur
082 ## - DEWEY ONLU SINIFLANDIRMA NUMARASI
Sınıflandırma Numarası 330.9
Ürün Numarası Ü44y 1974
090 ## - SINIFLAMA NUMARASI
Sınıflama Numarası 330.9 Ü44y 1974
100 ## - ANA GİRİŞ - KİŞİSEL İSİM
Kişisel Ad Ülken, Yüksel
245 ## - BAŞLIK TABLOSU
Başlık Yirminci yüzyılda dünya ekonomisi
Başlığın Kalan Günümüz iktisadi sorunları ve başlıca tahlil aletleri
Sorumluluk Tablosu, Vb Yüksel Ülken
246 ## - UNVAN FORM VARYING
Başlık Doğru / Kısa Başlığı Günümüz iktisadi sorunları ve başlıca tahlil aletleri
250 ## - EDITION TABLOSU
Baskı Beyanı göz. gçrl. 3.bs.
260 ## - YAYIN, DAĞITIM, VB
Yayın, Dağıtım, Vb Yeri İstanbul
Yayıncı, Dağıtıcı, Vs Adı İstanbul Üniversitesi İktisat Fakültesi
Yayın, Dağıtım, Vb Tarihi 1974
300 ## - FİZİKSEL TANIM
Kapsam 455 s.
Diğer Fiziksel Ayrıntıları tbl.; grf.
Boyutlar 24 sm.
440 ## - SERİSİ TABLOSU / KATMA GİRİŞİ - BAŞLIK
Başlık İstanbul Üniversitesi
Bir İşin Parçası / Bölüm Sayısı 1909
490 ## - SERİSİ TABLOSU
Seri Beyanı İktisat Fakültesi
-- 326
504 ## - KAYNAKÇA VB NOT
Kaynakça Vb Notu Dizin var.
650 ## - KONU KATMA GİRİŞ - TOPİKAL DÖNEM
Topikal Süreli Veya Coğrafi Ad Giriş Elemanı Ekonomi
Genel Alt Bölümü Dünya
Kronolojik Alt Bölümü 20. yüzyıl
942 ## - EKLENDİ GİRİŞ ELEMANLARI (KOHA)
Sınıflandırma Veya Raf Düzeni Kaynak Dewey Decimal Classification
Koha Öğesi Türü Books
999 ## - SİSTEM KONTROL NUMARALARI (KOHA)
Koha Biblionumber 10012
Koha Biblioitemnumber 10012
Holdings
Kalıcı Konum Mevcut Konum Edinme Tarihi Edinim Kaynak Toplam Check-Out'Lar Tam Çağrı Numarası Barkod Tarih Son Görülme İtibaren Geçerli Fiyatlar Koha Öğesi Türü
CHP Kütüphanesi CHP Kütüphanesi 10/31/2016 Bağış   330.9 Ü44y 1974 005925 10/31/2016 10/31/2016 Books